000 00454nam a2200157 i 4500
001 41165
003 ES-MaACL
005 20230906160401.0
007 t|
008 030310s1938 it ||||1| ita d
100 1 _aCarugno, Pasquale.
_935911
245 1 2 _aL'espropriazione per publica utilitá /
_cPasquale Carugno.
260 _aMilano :
_bA. Giuffré,
_c1938 (
_fL. Toffaloni)
300 _aXV, 305 p. ;
_c22 cm.
852 _aES-MaACL
_jC-5501
_bR.25784
999 _c41165
_d41165